000 00314nam a22001337a 4500
999 _c964
_d964
005 20200120153048.0
008 200120b ||||| |||| 00| 0 eng d
020 _a9781634509961
040 _cKH8
082 _aFIC OSA
100 _aOsa, Nancy
245 _aThe battle of zombie hill /
_cNancy Osa
942 _2ddc
_cFIC